| 000 | 00626nam a22001937a 4500 | ||
|---|---|---|---|
| 999 |
_c9838 _d9838 |
||
| 003 | AR-CdUCM | ||
| 008 | 190328b ||||| |||| 00| 0 spa d | ||
| 040 |
_aMUNICIPALIDAD PROVINCIAL DEL CUSCO _cBIBLIOTECA MUNICIPAL DEL CUSCO |
||
| 082 |
_a869.56 / _bP77 |
||
| 100 |
_aPadilla Bravo, Ivan _926317 |
||
| 245 |
_aHuellas rojas en el azul : _bPoemas / |
||
| 260 |
_aAragua : _bTalleres de ingenio gráfico, _c1983. |
||
| 300 |
_a20 paginas ; _c15 cm. |
||
| 500 | _aDonación familia Nieto. | ||
| 505 | _aContenido :Huellas rojas en el azul. | ||
| 650 |
_aLiteratura contemporánea. _9759 |
||
| 942 |
_2ddc _cLIBROS |
||
| 945 | _arum | ||